000 00866cam a22002653a 4500
001 22834
003 PGUSA
005 20140828083503.0
008 071002s2007||||xxu|||||s|||||000 | eng d
040 _aPGUSA
_beng
042 _adc
050 4 _aG
100 1 _aEdwards, Edward, Captain R. N.
245 1 0 _aVoyage of H.M.S. Pandora :
_bDespatched to Arrest the Mutineers of the 'Bounty' in the South Seas, 1790-1791
_h[electronic resource] /
_cEdward, Captain R. N. Edwards
260 _bProject Gutenberg,
_c2007
506 _aPublic domain in the USA.
516 _aElectronic text
653 _aVoyages around the world -- Early works to 1800
653 _aPandora (Frigate)
653 _aBounty (Ship)
700 1 _aThomson, Basil,
_d1861-1939
830 0 _aProject Gutenberg
_v22834
856 4 0 _uhttp://www.gutenberg.org/ebooks/22834
942 _cEB
999 _c252089
_d252089